00575 2200229 4500001002100000005001500021035002000036245004500056100001700101250000600118300003500124260003400159082001000193084001600203020002200219650001900241990001700260990001700277990001700294990001700311990001700328INLIS00000000000064420190123013744 a0010-01190001001 aTanaman Obat Tradisional /cHeri Permana0 aHeri Permana a- avi, 88 hlm. :bilus. ;c21 cm. aBandung :bTitian Ilmu,c2007 a635.7 a635.7 HER t a978-979-1493-16-1 aTanaman Herbal a02395/H/2018 a02396/H/2018 a02397/H/2018 a02398/H/2018 a02399/H/2018